000
00462nam a2200181Ia 4500
008
090124s9999 xx 000 0 und d
082
_b
30423
100
_a
पठाण यू. म.
245
_a
सय
250
_a
1
260
_b
मधुराज पब्लिकेशन्स
_c
1992
300
_a
116
600
_a
पठाण यू. म.
630
_a
सय
700
_a
पठाण यू. म.
730
_a
सय
942
_c
BOOK
999
_c
96899
_d
96899